000 00965nam a22003137i 4500
003 EG-GICUC
005 20260121101450.0
008 251210r1947 us b|||fr|||| 001 0 eng d
040 _aEG-GiCUC
_beng
_cEG-GiCUC
_dEG-GiCUC
_erda
041 _aeng
082 0 4 _221
_a341.23
_bSP . U
092 0 4 _221
099 _aLaw1 11 341.23 SP . U 1927
100 1 _aSpeiser, E. A
_eAuthor.
245 1 4 _aThe United States and the Near East /
_cE. A. Speiser.
264 3 _aCambridge :
_bHarvard University Press,
_c1947.
300 _a263 pages :
_bMap ;
_c24 cm
336 _2rda content
_atext
337 _2rda media
_aComputer
338 _2rda carrier
_aOnline Resource
504 _aInclude Index
546 _aText in English
650 1 4 _aUnited States
_xPublic international law
_2qrmak
650 1 4 _athe Near East
651 1 _2qrmak
856 4 0 _uhttps://fll.law.cu.edu.eg/fulltext/bks/B11-05541.pdf
905 _a75
_eHassnaa
942 _2ddc
_cBK
_e21
_n0
999 _c49711
_d49711